| 000 | 01254nmm a2200349 a 4500 | ||
|---|---|---|---|
| 001 | ocm0001916580 | ||
| 003 | TR-IsHL | ||
| 005 | 20201028173117.0 | ||
| 008 | 180914s2011 tu tur | ||
| 007 | cr cn | ||
| 020 | _a9786054033201 | ||
| 035 |
_a1916580 _b(N$T) |
||
| 050 | 0 | 4 |
_aPN1992.6 _b.D48 2011 |
| 090 | 0 | 4 |
_aPN1992.6 _b.D48 2011 |
| 100 | 1 | _aDevran, Yusuf | |
| 245 | 1 | 0 |
_aSiyasal iktidar- TRT ilişkisinin dünü _h[electronic resource] / _cYusuf Devran ; editör Aslı Kasar |
| 260 |
_aİstanbul : _bBaşlık Yayınları, _c2011 |
||
| 300 | _a217 p. | ||
| 500 |
_aKaynakça var. _x |
||
| 650 | 4 | _aMedya ve İletişim | |
| 650 | 4 | _aCommunication & Media | |
| 650 | 0 |
_aTRT _x Türkiye |
|
| 650 | 0 |
_aTelevizyon yayını _x Türkiye _xTarihi |
|
| 650 | 0 |
_aTelevision broadcasting _x Turkey _x History |
|
| 650 | 0 |
_aRadyo yayını _x Türkiye _x Tarihi |
|
| 650 | 0 |
_aRadio broadcasting _x Turkey _x History |
|
| 650 | 0 |
_aTelevizyon yayını _x siyasal yönler |
|
| 650 | 0 |
_aTelevision broadcasting _x Political aspects |
|
| 650 | 7 |
_aPERFORMING ARTS / Television / General _2bisacsh |
|
| 700 | 1 | _aKasar, Aslı | |
| 856 | 4 | 0 | _uhttp://search.ebscohost.com/login.aspx?direct=true&scope=site&db=e011xww&AN=1916580 |
| 999 |
_c17534 _d17534 |
||